000
00289nam a22001097a 4500
008
160512b xxu||||| |||| 00| 0 eng d
020
_a
083859638
041
_a
eng
080
_a
61
245
_a
Williams obstetics:
_c
Gary Cunningham MD;Paul C.Macdonald MD.Norman F.Gant MD;
942
_2
udc
_c
BK
999
_c
2073
_d
2073